Regionálna ekonomická štruktúra
Ekonomická štruktúra jednotlivých regiónov. Pôsobenie inovácií na hospodársky rozvoj. Zmeny sektorovej štruktúry v SR a krajoch podľa hrubej pridanej hodnoty. Zmeny sektorovej štruktúry v SR a krajoch podľa zamestnanosti. Hrubá pridaná hodnota na zamestnanca – produktivita v sektoroch ekonomiky kraj...
Salvato in:
| Autore principale: | |
|---|---|
| Altri autori: | , |
| Natura: | Capitolo di libro |
| Lingua: | slovacco |
| Soggetti: | |
| Tags: |
Nessun Tag, puoi essere il primo ad aggiungerne!!
|
MARC
| LEADER | 00000nla$a2200000$$$4500 | ||
|---|---|---|---|
| 001 | 0079913 | ||
| 005 | 20240502071916.8 | ||
| 041 | 0 | |a slo | |
| 044 | |a SK | ||
| 245 | 1 | 0 | |a Regionálna ekonomická štruktúra |c Miroslav Šipikal, Eva Belvončíková, Alžbeta Ivaničková |
| 520 | |a Ekonomická štruktúra jednotlivých regiónov. Pôsobenie inovácií na hospodársky rozvoj. Zmeny sektorovej štruktúry v SR a krajoch podľa hrubej pridanej hodnoty. Zmeny sektorovej štruktúry v SR a krajoch podľa zamestnanosti. Hrubá pridaná hodnota na zamestnanca – produktivita v sektoroch ekonomiky krajov SR. Analýza priemyselnej štruktúry regiónov Slovenska. Priame zahraničné investície. Malé a stredné podniky. | ||
| 610 | 2 | 0 | |a štruktúra ekonomická |
| 610 | 2 | 0 | |a regióny |
| 610 | 2 | 0 | |a inovácia |
| 610 | 2 | 0 | |a rozvoj hospodársky |
| 610 | 2 | 0 | |a zamestnanosť |
| 610 | 2 | 0 | |a priemysel |
| 610 | 2 | 0 | |a investície priame zahraničné |
| 100 | 1 | |a Šipikal, Miroslav, 1976- | |
| 700 | 1 | |a Belvončíková, Eva, 1975- | |
| 700 | 1 | |a Ivaničková, Alžbeta | |